00309nam a2200121Ia 4500008004100000041000800041082002000049100002900069245002900098260003200127502001100159999001700170230128s9999 xx 000 0 und d aeng aVAS PR0247bVAS aVasant K (2k258)9118944 aExport Management System c2002bPune UniversityaPune cVaze S c97242d97242